Statistiques concernant Focus sur: Thengel - Tolkien

Cliquez ici pour prendre le quiz!

Statistiques générales

  • Ce quiz a été pris 2 fois
  • Le résultat moyen est 10 sur 12

Statistiques - réponses

Informations recherchéesRéponses% Correct
Couleur des cheveuxBlond
100%
CitéEdoras
100%
EspèceHomme
100%
Première mentionLe Seigneur des Anneaux: Les Deux Tours
100%
Maison (lignée)Maison d'{Eorl}
100%
RoyaumeRohan
100%
Professions et titresRoi du Rohan
100%
Ages durant lequel il vécutTroisième
100%
PèreFengel
50%
FilsThéoden
50%
Théodwyn
50%
EpouseMorwen de Lossarnach
0%

Distribution des résultats

Percentile par nombre de réponses

% des personnes avec chaque résultat

Votre développement - résultats

Vous n’avez pas pris ce quiz